02027cam a22003495a 45000010009000000050017000090080041000260100017000670200022000840200025001060400028001310420008001590820021001671000035001882450078002232600064003013000027003654900059003925000083004515000024005345040032005585050547005905200132011376500056012696500062013256500060013876510010014476530021014579420025014789990017015039520157015201717470220160721160532.0120221s2014 enk frb 001 0 eng d a 2012007320 a1107416930 (pbk.) a9781107416932 (pbk.) aDLCcDLCdEG-ScBUEbeng apcc00a346.092222bKUL1 aKulick, Andreas,d1982-94040510aGlobal public interest in international investment law /cAndreas Kulick. aCambridge ;aNew York :bCambridge University Press,c2014. axxix, 378 p. ;c24 cm.0 aCambridge studies in international and comparative law a"Dissertation at the Eberhard Karls University, Tùˆbingen "--ECIP title page. aIndex : p. 365-378. aBibliography : p. 346-364. 0 aIntroduction -- Part I. Towards the global public interest theory -- The "internationalization" of international investment law -- Public interest and international economic law : current approaches -- The global public interest theory -- How to balance the conflicting interests : proportionality analysis -- Part II. Global public interest in international investment case law -- International investment law and the environment -- Human rights and investment : friends or foes? -- Corruption and other irregularities -- Concluding remarks. aOutlines a general theory of whether and how to include public interest concerns in the realm of international investment law.  7aInternational commercial arbitration.2BUEsh939464 7aInvestments, Foreign 2BUEsh940406xLaw and legislation. 7aInvestments, Foreign (International law).2BUEsh940407 2BUEsh bLLAAWWcJuly2016 2ddce22k346.092 KUL c22008d21980 00102ddc40708BaccahaMAINbMAINc1STd2016-07-21ePurchaseg392.00h26080l2m8o346.092 KULp000032928r2025-07-15 00:00:00s2022-10-09v490.00yBB